| 000 | 00651nam a2200253 a 4500 | ||
|---|---|---|---|
| 001 | adlib96000001 | ||
| 003 | ViArRB | ||
| 005 | 200902210153555.7 | ||
| 008 | 960221s1955 dcuabcdjdbkoqu001 0deng d | ||
| 020 | _a | ||
| 022 | _a | ||
| 040 | _aAdlib | ||
| 082 | _a5 | ||
| 245 | _aFrontiers in science: a survey | ||
| 250 | _a | ||
| 260 |
_aLondon _bGeorge Allen & Unwin _c1960 |
||
| 300 |
_avi, 362p. _c |
||
| 500 | _a | ||
| 100 |
_aHutchins, Edward _ed.by/ |
||
| 700 |
_a _a |
||
| 942 | _cBK | ||
| 653 |
_aNatural sciences _aPure sciences |
||
| 952 |
_w2010-06-16 _p00000932 _r2010-06-16 _40 _00 _bUL _10 _o5 HUT _d2010-06-16 _70 _yBK _aUL |
||
| 999 |
_c43990 _d43989 |
||